Statistics for 10 Largest Castles

Click here to take the quiz!

General Stats

  • This quiz has been taken 22 times
  • The average score is 4 of 10

Answer Stats

Square metersPlace% Correct
54,835Windsor
88%
66,761Prague
59%
35,737Edinburgh
47%
143,591Malbork
47%
44,674Budapest
29%
54,523Salzburg
29%
41,468Himeji
24%
39,804Aleppo
18%
81,227Jodhpur
12%
49,485Žehra
12%

Score Distribution

Percentile by Number Answered

Percent of People with Each Score

Your Score History

You have not taken this quiz